Wood fuel from British forests (Record no. 71352)

MARC details
000 -LEADER
fixed length control field 01205cam a2200253 4500
001 - CONTROL NUMBER
control field WB3838-17
008 - FIXED-LENGTH DATA ELEMENTS--GENERAL INFORMATION
fixed length control field 021015n2002 000 0 eng u
035 ## - SYSTEM CONTROL NUMBER
System control number (Sirsi) u120086
245 ## - TITLE STATEMENT
Title Wood fuel from British forests
260 ## - PUBLICATION, DISTRIBUTION, ETC.
Date of publication, distribution, etc. 2002
490 ## - SERIES STATEMENT
Series statement RICS Rural Faculty News
Volume/sequential designation 15 October 2002, (1)
520 ## - SUMMARY, ETC.
Summary, etc. The Forestry Commission is leading a pioneering study into the amount of wood fuel resource in British forests as part of the drive towards sustainable energy. It will examine actual and potential resource amounts, commencing with Forestry Commission forests and then into private sector holdings. Forestry Commission News Release at http://www.forestry.gov.uk/newsrele.nsf/WebPressReleases/B3C641C523716E0E80256C000056D0E3 http://www.rics.org/ricscms/bin/show?class=News&template=/includes/shownews.html&id=3914&faculty=Rural&faculty=All%20Faculties
590 ## - LOCAL NOTE (RLIN)
Local note WB
650 ## - SUBJECT ADDED ENTRY--TOPICAL TERM
Topical term or geographic name entry element WOOD FUEL
650 ## - SUBJECT ADDED ENTRY--TOPICAL TERM
Topical term or geographic name entry element FORESTS
650 ## - SUBJECT ADDED ENTRY--TOPICAL TERM
Topical term or geographic name entry element FORESTRY COMMISSION
650 ## - SUBJECT ADDED ENTRY--TOPICAL TERM
Topical term or geographic name entry element SUSTAINABLE ENERGY
650 ## - SUBJECT ADDED ENTRY--TOPICAL TERM
Topical term or geographic name entry element FORESTRY
650 ## - SUBJECT ADDED ENTRY--TOPICAL TERM
Topical term or geographic name entry element FOREST ENTERPRISE
650 ## - SUBJECT ADDED ENTRY--TOPICAL TERM
Topical term or geographic name entry element FOREST RESEARCH
650 ## - SUBJECT ADDED ENTRY--TOPICAL TERM
Topical term or geographic name entry element FORESTRY CONTRACTING ASSOCIATION
690 ## - LOCAL SUBJECT ADDED ENTRY--TOPICAL TERM (OCLC, RLIN)
Topical term or geographic name as entry element RURAL-AGRICULTURE AND FORESTRY
942 ## - ADDED ENTRY ELEMENTS (KOHA)
Suppress in OPAC 0
Holdings
Withdrawn status Lost status Source of classification or shelving scheme Damaged status Not for loan Home library Current library Shelving location Date acquired Total Checkouts Full call number Barcode Date last seen Copy number Price effective from Koha item type
    Dewey Decimal Classification     London London News article 15/10/2002   WB3838-17 120086-1001 06/08/2019 1 06/08/2019 News article